[Event "Wch U14 Girls"]
[Site "Montesilvano"]
[Date "2023.11.23"]
[Round "10"]
[White "Zerarga, Imene"]
[Black "Stefan, Iulia Cristiana"]
[Result "0-1"]
[WhiteElo "1514"]
[BlackElo "1748"]
[PlyCount "84"]
[EventDate "2023.11.13"]
[EventType "swiss"]
[EventRounds "11"]
[EventCountry "ITA"]
[SourceTitle "CB48_2023"]
[SourceDate "2023.11.29"]
[SourceVersion "1"]
[SourceVersionDate "2023.11.29"]
[SourceQuality "1"]

1. e4 e5 2. Nf3 Nc6 3. Bc4 Nf6 4. d3 h6 5. c3 d6 6. Nbd2 g6 7. 0-0 Bg7 8. Re1 0-0 9. Nf1 Na5 10. Bb5 a6 11. Ba4 b5 12. Bc2 c5 13. d4 exd4 14. cxd4 Bg4 15. d5 Re8 16. h3 Bxf3 17. gxf3 Qd7 18. Kh2 Nh7 19. f4 Nc4 20. Rb1 Re7 21. Ng3 Rae8 22. Rg1 Kh8 23. h4 Bd4 24. Rg2 Nf6 25. f3 Ne3 26. Bxe3 Bxe3 27. f5 Bf4 28. Kh1 Bxg3 29. Rxg3 gxf5 30. Qd2 Kh7 31. exf5 Re2 32. Qc3 Qe7 33. Be4 b4 34. Qd3 Nxe4 35. fxe4 Qxh4+ 36. Rh3 Qxe4+ 37. Qxe4 R8xe4 38. Rg1 Rf4 39. f6 Rxf6 40. Rhg3 Rg6 41. Rxg6 fxg6 42. Rf1 Kg7 0-1

[Event "Africa-ch U20 Girls"]
[Site "Bejaia"]
[Date "2022.11.16"]
[Round "5"]
[White "Bousselmi, Chahd"]
[Black "Zerarga, Imene"]
[Result "1-0"]
[WhiteElo "1541"]
[BlackElo "1411"]
[PlyCount "79"]
[EventDate "2022.11.13"]
[EventType "swiss"]
[EventRounds "9"]
[EventCountry "ALG"]
[SourceTitle "CBM 211 Extra"]
[Source "ChessBase"]
[SourceDate "2023.01.31"]
[SourceVersion "1"]
[SourceVersionDate "2023.01.31"]
[SourceQuality "1"]

1. d4 Nf6 2. Bf4 e6 3. e3 d5 4. Nd2 Bd6 5. Bg3 c5 6. c3 Qc7 7. Ngf3 Nbd7 8. Be2 b6 9. 0-0 Bb7 10. Rc1 Bxg3 11. hxg3 c4 12. Qa4 Bc6 13. Qa3 h5 14. b3 b5 15. Qb2 Rb8 16. Qc2 g6 17. Ng5 Qd8 18. e4 Ng4 19. Ndf3 Ndf6 20. exd5 Qxd5 21. Nh3 Ba8 22. Nf4 Qc6 23. bxc4 bxc4 24. Rb1 Rb6 25. Ng5 0-0 26. Bf3 Qc8 27. Rxb6 axb6 28. Bxa8 Qxa8 29. Re1 Kg7 30. Nxf7 Re8 31. Qxg6+ Kf8 32. Nd6 Qa7 33. Nxe8 Qxa2 34. Nxe6+ Ke7 35. Nf4+ Kd8 36. Ne6+ Ke7 37. Qg7+ Kxe8 38. Nc5+ Kd8 39. Nb7+ Kc8 40. Nd6+ 1-0

[Event "Africa-ch U20 Girls"]
[Site "Bejaia"]
[Date "2022.11.16"]
[Round "6"]
[White "Zerarga, Imene"]
[Black "Allalou, Lylia"]
[Result "1-0"]
[WhiteElo "1411"]
[BlackElo "1261"]
[PlyCount "25"]
[EventDate "2022.11.13"]
[EventType "swiss"]
[EventRounds "9"]
[EventCountry "ALG"]
[SourceTitle "CBM 211 Extra"]
[Source "ChessBase"]
[SourceDate "2023.01.31"]
[SourceVersion "1"]
[SourceVersionDate "2023.01.31"]
[SourceQuality "1"]

1. e4 d6 2. d4 Nf6 3. Nc3 Nbd7 4. f4 e5 5. Nf3 exd4 6. Qxd4 c5 7. Qd1 Be7 8. a4 Qc7 9. Bc4 Nh5 10. Ba2 a5 11. 0-0 0-0 12. Nb5 Qc6 13. e5 1-0

[Event "Africa-ch U20 Girls"]
[Site "Bejaia"]
[Date "2022.11.15"]
[Round "4"]
[White "Nassr, Ryma"]
[Black "Zerarga, Imene"]
[Result "0-1"]
[WhiteElo "1678"]
[BlackElo "1411"]
[PlyCount "74"]
[EventDate "2022.11.13"]
[EventType "swiss"]
[EventRounds "9"]
[EventCountry "ALG"]
[SourceTitle "CBM 211 Extra"]
[Source "ChessBase"]
[SourceDate "2023.01.31"]
[SourceVersion "1"]
[SourceVersionDate "2023.01.31"]
[SourceQuality "1"]

1. c4 e5 2. a3 Nf6 3. Nc3 d5 4. cxd5 Nxd5 5. Qc2 Nc6 6. Nf3 a5 7. e4 Nf4 8. d3 Ne6 9. Nd5 f6 10. Be3 Bd6 11. Be2 Ncd4 12. Qd1 c6 13. Nc3 Bc5 14. 0-0 0-0 15. Rc1 Nxe2+ 16. Nxe2 Bxe3 17. fxe3 Qb6 18. Qd2 Nc5 19. Qc3 Nb3 20. Qc4+ Kh8 21. Rc2 Bg4 22. d4 exd4 23. Nexd4 a4 24. h3 Bh5 25. Nf5 Bf7 26. Qc3 Qa5 27. Qxa5 Nxa5 28. Nd6 Bb3 29. Rd2 Rad8 30. e5 Kg8 31. Nf5 Rxd2 32. Nxd2 g6 33. Nh6+ Kg7 34. Ng4 f5 35. Nxb3 axb3 36. Nf2 Nc4 37. Nd3 Re8 0-1